Autostrada A51 - Tangenziale Est di Milano - Statistics

Statistiche generali
  • Questo quiz è stato fatto 39 volte
  • Il punteggio medio è 9 su 26
Statistiche sulle risposte
Uscita Provincia % Corretto
8 Segrate - SP103 Cassanese MI
79%
8 A Lambrate MI
62%
14 SP208 - Carugate MI
62%
9-10 Cascina Gobba - Via Padova SS11 Padana Superiore MI
59%
11 Cologno Ovest MI
48%
- A52 Tangenziale Nord MI
45%
15 Agrate Brianza MB
45%
5 C.A.M.M. MI
45%
12 Cologno Est MI
45%
13 SP113 - Cernusco S.N. MI
45%
19-20 Vimercate Sud - Q.re Torri Bianche Villasanta - Arcore MB
38%
22 Vimercate Nord - Velasca MB
38%
- A1 Bologna MI
34%
17 Concorezzo MB
34%
4 Via Mecenate MI
34%
- A4 Torino - Venezia MB
31%
3 Paullo - SP ex SS415 Paullese MI
31%
21 Vimercate Centro - Oreno MB
31%
- SS 342 direzione Lecco MB
21%
7 Via Rubattino MI
21%
18 SP41 C.na Morosina - Burago MB
17%
23 Carnate MB
14%
16 Monza Est MB
14%
1-2 Piazzale Corvetto - SS9 Via Emilia MI
14%
6 Milano Viale Forlanini - SP14 Rivoltana MI
10%
24 Usmate Velate Sud MB
7%
Nessun quiz corrispondente trovato
Distribuzione punteggi
Percentuale di utenti per punteggio
Percentile per numero di risposta
I tuoi punteggi nel tempo
Non hai fatto questo quiz